| 000 | 00409cam a2200157 a 4500 | ||
|---|---|---|---|
| 020 | _a0070434948 (alk. paper) | ||
| 040 | _cDLC | ||
| 082 | 0 | 0 | _a302 MCG 2000 A021 Or. |
| 100 | 1 | _aFranzoi, Stephen L. | |
| 245 | 1 | 0 | _aSocial psychology / |
| 250 | _a2nd ed. | ||
| 260 |
_aBoston : _bMcGraw-Hill, _cc2000. |
||
| 300 |
_axxiv, 615 p. : _bill. (some col.) ; _c29 cm. |
||
| 650 | 0 | _aSocial psychology. | |
| 942 | _cEK | ||
| 999 |
_c12679 _d12679 |
||